[Event "EU-ch Online U16 Girls"]
[Site "Tornelo INT"]
[Date "2020.09.20"]
[Round "9"]
[White "Pohle, Saskia"]
[Black "Ioannides Liu, Lian"]
[Result "1-0"]
[WhiteElo "1749"]
[BlackElo "1375"]
[PlyCount "95"]
[EventDate "2020.09.18"]
[EventType "swiss (rapid)"]
[EventRounds "9"]
[EventCountry "NET"]
[SourceTitle "EXT 2023"]
[Source "ChessBase"]
[SourceDate "2022.10.05"]
[SourceVersion "1"]
[SourceVersionDate "2022.10.05"]
[SourceQuality "1"]
[WhiteTeam "Germany"]
[BlackTeam "Zypern"]
[WhiteTeamCountry "GER"]
[BlackTeamCountry "CYP"]

1. e4 e5 2. Nf3 Nc6 3. d4 exd4 4. Bc4 g6 5. c3 dxc3 6. Nxc3 Bg7 7. Qd5 Qe7 8. 0-0 Nf6 9. Qd1 Ne5 10. Bb3 d6 11. Bg5 c6 12. Nd4 0-0 13. Qd2 Rd8 14. f4 Ned7 15. f5 Ne5 16. fxg6 Nxg6 17. Qf2 Ng4 18. Bxe7 Nxf2 19. Bxd8 Bxd4 20. Rxf2 Bxf2+ 21. Kxf2 Be6 22. Bc7 Bxb3 23. axb3 Ne5 24. Bxd6 Nd7 25. b4 a6 26. b5 cxb5 27. Nxb5 Nf6 28. e5 Ne8 29. Nc7 Rd8 30. Nxe8 Rxe8 31. Re1 Kg7 32. Kf3 Kg6 33. Kf4 Re6 34. Re3 f6 35. Ba3 fxe5+ 36. Rxe5 Rxe5 37. Kxe5 Kf7 38. Kd6 Ke8 39. Kc7 Kf7 40. Kxb7 Ke6 41. Kxa6 Kd5 42. b4 Kc6 43. b5+ Kc7 44. b6+ Kc6 45. b7 Kc7 46. h4 h6 47. h5 Kb8 48. Bd6# 1-0

[Event "Online Olym Base C"]
[Site "Chess.com INT"]
[Date "2020.07.27"]
[Round "7.3"]
[White "Seine, Rose Berline"]
[Black "Ioannides Liu, Lian"]
[Result "0-1"]
[WhiteElo "1679"]
[BlackElo "1270"]
[PlyCount "154"]
[EventDate "2020.07.25"]
[EventType "team-tourn (rapid)"]
[EventRounds "9"]
[EventCountry "USA"]
[SourceTitle "CBM 198"]
[Source "ChessBase"]
[SourceDate "2020.10.31"]
[SourceVersion "1"]
[SourceVersionDate "2020.10.31"]
[SourceQuality "1"]
[WhiteTeam "Haiti"]
[BlackTeam "Cyprus"]
[WhiteTeamCountry "HAI"]
[BlackTeamCountry "CYP"]

1. e4 e5 2. Nf3 Nc6 3. Nc3 Nf6 4. Bc4 Nxe4 5. Bxf7+ Kxf7 6. Nxe4 d5 7. Neg5+ Ke8 8. Ng1 Qxg5 9. Nf3 Qxg2 10. Rg1 Qh3 11. Rg3 Qh5 12. d3 Bg4 13. h3 Bxh3 14. Rg5 Qf7 15. Nxe5 Nxe5 16. Rxe5+ Kd7 17. Bd2 Bd6 18. Qh5 Qxh5 19. Rxh5 Rhe8+ 20. Be3 d4 21. Rxh3 dxe3 22. fxe3 h6 23. Kd2 Re7 24. Rf1 Rh8 25. Rhf3 Ke6 26. c3 g5 27. d4 c6 28. e4 g4 29. Rf6+ Kd7 30. e5 Bc7 31. Rg6 h5 32. Rh1 Re6 33. Rg7+ Re7 34. Rg6 Ke8 35. Rg5 a6 36. Rgxh5 Rxh5 37. Rxh5 Rg7 38. Rh1 g3 39. Ke2 Bd8 40. Rg1 Bh4 41. Rg2 Ke7 42. Kf3 Ke6 43. c4 b5 44. b3 Rf7+ 45. Ke4 Rf2 46. d5+ cxd5+ 47. cxd5+ Ke7 48. Rg1 Re2+ 49. Kf5 g2 50. Kg4 Rxe5 51. Kxh4 Rxd5 52. Rxg2 Kd6 53. Rg6+ Kc5 54. Rxa6 Rd8 55. Kg4 b4 56. Kf4 Rd4+ 57. Ke5 Rd5+ 58. Ke6 Rd8 59. Ke5 Re8+ 60. Kf4 Re2 61. Ra4 Kb5 62. Kf3 Rc2 63. Ke3 Rc1 64. Kd3 Rc3+ 65. Kd2 Rh3 66. Kc2 Rc3+ 67. Kb2 Rh3 68. Ra5+ Kxa5 69. Kb1 Kb5 70. Kb2 Rh2+ 71. Kb1 Kc5 72. Ka1 Kd4 73. a4 bxa3 74. Kb1 Kc3 75. b4 Kxb4 76. Ka1 Kb3 77. Kb1 Rh1# 0-1

[Event "EU-ch U12 Girls 27th"]
[Site "Mamaia"]
[Date "2017.09.05"]
[Round "1"]
[White "Ioannides Liu, Lian"]
[Black "Karavitaki, Evaggelia"]
[Result "0-1"]
[WhiteElo "1268"]
[BlackElo "1703"]
[PlyCount "80"]
[EventDate "2017.09.05"]
[EventType "swiss"]
[EventRounds "9"]
[EventCountry "ROU"]
[SourceTitle "CBM 180 Extra"]
[Source "ChessBase"]
[SourceDate "2017.10.06"]
[SourceVersion "1"]
[SourceVersionDate "2017.10.06"]
[SourceQuality "1"]

1. e4 c5 2. Bc4 e6 3. Nc3 a6 4. a4 Nc6 5. Nf3 d6 6. d4 cxd4 7. Nxd4 Nf6 8. Bg5 Be7 9. 0-0 0-0 10. Re1 h6 11. Bh4 Qc7 12. Bb3 b6 13. Qd2 Bb7 14. Bg3 Ne5 15. Bxe6 fxe6 16. Nxe6 Qc4 17. Nxf8 Rxf8 18. Qe2 Qf7 19. Bxe5 dxe5 20. h3 Bc5 21. Rf1 Nh5 22. Kh1 Bxf2 23. Rxf2 Ng3+ 24. Kh2 Nxe2 25. Rxf7 Rxf7 26. Nxe2 Bxe4 27. Nc3 Bxc2 28. Nd5 Be4 29. Nxb6 Rf2 30. Rg1 Rxb2 31. Nc4 Rb4 32. Nxe5 Rxa4 33. Kg3 Ra2 34. Nc4 a5 35. Kh2 a4 36. Kg3 a3 37. Kh2 Bd5 38. Ne3 Bf7 39. Rb1 Rb2 40. Ra1 a2 0-1

[Event "World ol U16"]
[Site "Poprad"]
[Date "2016.07.23"]
[Round "3.4"]
[White "Ioannides Liu, Lian"]
[Black "Surujhlal, Kayla"]
[Result "0-1"]
[WhiteElo "1289"]
[BlackElo "1352"]
[PlyCount "132"]
[EventDate "2016.07.22"]
[EventType "team-swiss"]
[EventRounds "9"]
[EventCountry "SVK"]
[SourceTitle "EXT 2017"]
[Source "ChessBase"]
[SourceDate "2016.10.25"]
[SourceVersion "1"]
[SourceVersionDate "2016.10.25"]
[SourceQuality "1"]
[WhiteTeam "Cyprus"]
[BlackTeam "South Africa II"]
[WhiteTeamCountry "CYP"]
[BlackTeamCountry "RSA"]

1. e4 c5 2. Nf3 d6 3. d4 cxd4 4. Nxd4 Nf6 5. Nc3 g6 6. Be3 Bg7 7. Be2 0-0 8. 0-0 Nc6 9. Re1 Bd7 10. Qd2 Rc8 11. Rad1 Ne5 12. h3 Nc4 13. Bxc4 Rxc4 14. Bh6 a6 15. Bxg7 Kxg7 16. e5 dxe5 17. Rxe5 e6 18. Qg5 Re8 19. Qf4 Rc8 20. Ne4 Nd5 21. Rxd5 exd5 22. Nd6 Qe7 23. Nxe8+ Rxe8 24. Qg3 Qb4 25. Nb3 Re1+ 26. Rxe1 Qxe1+ 27. Kh2 f6 28. Qc7 Qe5+ 29. Qxe5 fxe5 30. g4 Kf6 31. Kg3 g5 32. Nc5 Bc6 33. f3 a5 34. Kf2 Ke7 35. c3 Kd6 36. Nb3 b6 37. Nd2 Bb5 38. b3 Ba6 39. a3 b5 40. b4 axb4 41. axb4 Bb7 42. Nb3 Kc7 43. Ke3 Kd6 44. Nc5 Bc6 45. Kd3 Ba8 46. Na6 Bb7 47. Nc5 Ba8 48. Ke3 d4+ 49. cxd4 exd4+ 50. Kxd4 Bxf3 51. Ne4+ Bxe4 52. Kxe4 Ke6 53. Kd4 Kd6 54. Kc3 Ke5 55. Kd3 Kd5 56. Kc3 Ke4 57. Kd2 Kd4 58. Kd1 Kc3 59. Kc1 Kxb4 60. Kb2 Kc4 61. Kc2 b4 62. Kb2 b3 63. Kc1 Kc3 64. Kb1 b2 65. Ka2 Kc2 66. Ka3 b1Q 0-1

[Event "GRE-chT 44th"]
[Site "Achaia"]
[Date "2016.07.09"]
[Round "6.10"]
[White "Ioannides Liu, Lian"]
[Black "Nikolaidou, Maria"]
[Result "0-1"]
[WhiteElo "1289"]
[BlackElo "1249"]
[PlyCount "104"]
[EventDate "2016.07.05"]
[EventType "team-swiss"]
[EventRounds "7"]
[EventCountry "GRE"]
[SourceTitle "CBM 173 Extra"]
[Source "ChessBase"]
[SourceDate "2016.08.29"]
[SourceVersion "1"]
[SourceVersionDate "2016.08.29"]
[SourceQuality "1"]
[WhiteTeam "Kifisias AO"]
[BlackTeam "Chania Kaissa"]
[WhiteTeamCountry "GRE"]
[BlackTeamCountry "GRE"]

1. e4 Nc6 2. d4 e5 3. Nf3 exd4 4. Nxd4 Bc5 5. Be3 Qf6 6. c3 Nge7 7. Bc4 Qg6 8. 0-0 Qxe4 9. Qh5 d5 10. Nd2 Qg4 11. Qxg4 Bxg4 12. Bb5 Bxd4 13. Bxd4 0-0 14. Bc5 Rfd8 15. Rfe1 Be6 16. Nf3 a6 17. Ba4 b6 18. Bxe7 Nxe7 19. Ng5 Rd6 20. Rad1 Nc6 21. c4 Na5 22. Nxe6 fxe6 23. cxd5 exd5 24. Re5 Rad8 25. Bc2 Nc4 26. Re2 Nxb2 27. Bxh7+ Kxh7 28. Rxb2 Re8 29. Rbd2 c5 30. Kf1 d4 31. h3 Red8 32. g4 c4 33. f4 d3 34. Rc1 Rc6 35. Rc3 b5 36. a3 a5 37. Rd1 b4 38. axb4 axb4 39. Rcc1 c3 40. Kf2 b3 41. Rf1 d2 42. Ra1 c2 43. Ke2 c1Q 44. Raxc1 dxc1Q 45. Rxc1 Rxc1 46. Ke3 b2 47. Kf3 b1Q 48. Kg3 Rg1+ 49. Kh4 Qe1+ 50. Kg5 Rd5+ 51. f5 Qd2+ 52. Kh4 Qh6# 0-1

[Event "GRE-chT 44th"]
[Site "Achaia"]
[Date "2016.07.06"]
[Round "2.10"]
[White "Ioannides Liu, Lian"]
[Black "Vasileiou, Aimilia"]
[Result "0-1"]
[WhiteElo "1289"]
[BlackElo "1663"]
[PlyCount "148"]
[EventDate "2016.07.05"]
[EventType "team-swiss"]
[EventRounds "7"]
[EventCountry "GRE"]
[SourceTitle "CBM 173 Extra"]
[Source "ChessBase"]
[SourceDate "2016.08.29"]
[SourceVersion "1"]
[SourceVersionDate "2016.08.29"]
[SourceQuality "1"]
[WhiteTeam "Kifisias AO"]
[BlackTeam "St Nicholas Lato"]
[WhiteTeamCountry "GRE"]
[BlackTeamCountry "GRE"]

1. e4 c5 2. Nf3 d6 3. d4 cxd4 4. Nxd4 Nf6 5. Nc3 Nc6 6. Be2 e5 7. Nb3 Be6 8. 0-0 Be7 9. Be3 0-0 10. h3 a6 11. Qd2 b5 12. Bf3 Rc8 13. Nd5 Re8 14. Bb6 Qd7 15. a4 bxa4 16. Rxa4 Bxd5 17. exd5 Nd4 18. Rxd4 exd4 19. Nxd4 Qb7 20. Qa5 Nd7 21. Ba7 Qxa7 22. Nc6 Qb7 23. b4 Nb8 24. c4 Bf6 25. b5 axb5 26. cxb5 Nd7 27. Bg4 Ra8 28. Qb4 Nc5 29. b6 Ra6 30. Rb1 Bd8 31. Na5 Qxb6 32. Qxb6 Rxb6 33. Rxb6 Bxb6 34. Nc4 Bc7 35. Na3 Nd3 36. Nb5 Bb8 37. Bf3 Re1+ 38. Kh2 Nxf2 39. Kg3 Nd3 40. Nd4 Ba7 41. Nb5 Bc5 42. Nc3 Bf2+ 43. Kg4 Ne5+ 44. Kf4 Nxf3 45. gxf3 Kf8 46. Nb5 Bc5 47. Kg4 Ke7 48. Kf4 Rh1 49. Kg4 Rd1 50. Kf4 Rxd5 51. Nc3 Rd4+ 52. Kg3 Kf6 53. Ne4+ Rxe4 54. fxe4 Kg5 55. h4+ Kh5 56. Kh3 Bf2 57. Kg2 Bxh4 58. Kf3 Kg5 59. Ke3 Kg4 60. Kd4 Kf4 61. Kd5 g5 62. Kd4 g4 63. Kd3 Kf3 64. Kd2 g3 65. Ke1 g2+ 66. Kd2 g1Q 67. Kd3 Qe3+ 68. Kc4 Kxe4 69. Kb4 Qd3 70. Ka4 Qb1 71. Ka3 Qb5 72. Ka2 Kd3 73. Ka3 Kc2 74. Ka2 Qb2# 0-1